Multiple Choice City Quiz – New Orleans - Statistics

General Stats
  • This quiz has been taken 12,362 times
  • The average score is 7 of 10
Answer Stats
Question Answer % Correct
What hurricane struck New Orleans in 2005, killing more than 1800 people? Katrina
96%
What street in New Orleans is famous for its rowdy bars? Bourbon Street
92%
On what river is New Orleans located? Mississippi
90%
Who was born in New Orleans on August 4, 1901? Louis Armstrong
85%
Which of these is a common nickname of New Orleans? The Big Easy
74%
What lake, technically an estuary, forms the northern border of the city? Lake Pontchartrain
67%
Which of these universities is located in New Orleans? Tulane
66%
Who was the hero of the Battle of New Orleans? Andrew Jackson
64%
Which of these foods is NOT associated with New Orleans cuisine? Key lime pie
59%
Which of these Tom Cruise movies is set in New Orleans? Interview with the Vampire
47%
No matching quizzes found
Score Distribution
Percent of People with Each Score
Percentile by Number Answered
Your Score History
You have not taken this quiz